| 000 | 00404nam a2200133Ia 4500 | ||
|---|---|---|---|
| 008 | 211119s9999||||xx |||||||||||||| ||und|| | ||
| 082 |
_a894.8123 _bRAM-V |
||
| 100 | _aA, Ramachandran | ||
| 245 | 0 | _aValthalayile Chandran | |
| 260 |
_bD c Books _aKottayam _c2006 |
||
| 300 | _a60p | ||
| 650 |
_aMalayalam Literature _vMalayalam FictionMalayalam NovelsShort StoriesGeneralia _xGeneral Stack |
||
| 942 | _cBOOK | ||
| 999 |
_c104961 _d104961 |
||